La dernière fois que je parle de toi- KIK - Statistiques

Statistiques générales
  • Ce quiz a été pris 100 fois
  • Le résultat moyen est 247 sur 353
Statistiques - réponses
Paroles % Correct
de
98%
la
98%
à
96%
a
96%
c'est
96%
je
96%
te
96%
ma
93%
plus
93%
et
91%
me
91%
que
91%
arrêter
89%
en
89%
le
89%
penser
89%
t'es
89%
tes
89%
toi
89%
ca
87%
dans
87%
d'y
87%
j'ai
87%
tête
87%
tout
87%
vie
87%
d'me
84%
prendre
84%
con
82%
dernière
82%
fois
82%
j'devrais
82%
les
82%
même
82%
ou
82%
parle
82%
trop
82%
mais
80%
oui
80%
pas
80%
perdre
80%
pour
80%
tu
80%
dis
78%
moi
78%
puis
78%
un
78%
jours
76%
tous
76%
concert
73%
du
73%
faut
73%
fort
73%
j'me
73%
peut
73%
qu'je
73%
qu'tu
73%
t'facon
73%
avec
71%
esperant
71%
laissé
71%
merde
71%
puce
71%
c'que
69%
d'temps
69%
qui
69%
sais
69%
sortes
69%
sur
69%
temps
69%
une
69%
bois
67%
changé
67%
fais
67%
j'abuse
67%
j'vais
67%
m'dis
67%
mes
67%
num
67%
toucher
67%
toutes
67%
vrai
67%
dedans
64%
elle
64%
fille
64%
fou
64%
grosse
64%
j'suis
64%
prends
64%
putain
64%
t'as
64%
chambre
62%
detester
62%
détester
62%
d'place
62%
gardé
62%
murs
62%
nous
62%
peu
62%
son
62%
batard
60%
comme
60%
j'crois
60%
j't'ai
60%
mente
60%
mérites
60%
MST
60%
posters
60%
qu'il
60%
t'etais
60%
t'étais
60%
tiep
60%
y
60%
chance
58%
conseils
58%
cool
58%
depuis
58%
eu
58%
merci
58%
m'évites
58%
plutot
58%
Troie
58%
cheval
56%
d'être
56%
deux
56%
disquettes
56%
force
56%
l'impression
56%
mieux
56%
qu'j'me
56%
qu'un
56%
si
56%
supprimé
56%
système
56%
yeux
56%
aveugle
53%
cheri
53%
console
53%
consomme
53%
couvre
53%
d'une
53%
l'amour
53%
mec
53%
pire
53%
qu'avec
53%
qu'ma
53%
rêve
53%
seul
53%
torche
53%
trouver
53%
autre
51%
coup
51%
l'faire
51%
l'idée
51%
mis
51%
Playstation
51%
quelques
51%
qu'on
51%
qu'toi
51%
reformaté
51%
rend
51%
saigne
51%
s'aime
51%
ton
51%
vue
51%
avant
49%
bats
49%
couilles
49%
j'm'en
49%
j'rêve
49%
m'faire
49%
qu'jarrête
49%
qu'j'suis
49%
Steven
49%
des
47%
dit
47%
partie
47%
l'seum
44%
m'fout
44%
réalité
44%
suis
44%
bon
42%
cru
42%
motif
42%
motive
42%
qu't'es
42%
sans
42%
t'aime
42%
fautif
40%
j'te
40%
m'as
40%
ouais
40%
t'existes
40%
t'insulter
40%
chérie
38%
j'peux
38%
l'dis
38%
j'dois
36%
loser
36%
blessures
33%
drogue
33%
gows
33%
j'estimais
33%
quitté
33%
tiré
33%
trait
33%
d'mes
31%
j'veux
31%
t'avouer
31%
t'oublier
31%
triste
31%
guérir
29%
fixe
27%
l'une
27%
choses
7%
Aucun quiz correspondant
Distribution des résultats
% des personnes avec chaque résultat
Percentile par nombre de réponses
Votre historique - résultats
Vous n’avez pas pris ce quiz